000 nam a22 7a 4500
999 _c16137
_d16137
008 161108b xxu||||| |||| 00| 0 eng d
020 _a9780827371965
050 _aRB 53 .F59 2007
100 _aFlynn,John C.
_d2009
245 _aThe clinical laboratory manual series:
_burinalysis.
_cJoh C.Flynn
260 _aAustralia:
_bDelmar,
_c2007.
300 _axi,111p.:ill
650 _aurine-analysis
942 _2lcc
_cBOOKS
_hRB 53 .F59 2007